| 000 | 00511nam a22001337a 4500 | ||
|---|---|---|---|
| 040 | _cRUA | ||
| 082 | _aAGR KIN 2015 B513 Or.1 | ||
| 100 | _aKIN VUTHY, គិន វុទ្ធី | ||
| 245 | _aComparison of cucumber varieties (cucummis sativus) in net-house condition, ការប្រៀបទៀបពូជត្រសក់ក្នុងលក្ខខណ្ឌផ្ទះសំណាញ់ | ||
| 260 |
_aPhnom Penh _bRUA _c2015 |
||
| 300 |
_ax; 42p. _bill. _c29cm. |
||
| 856 | _uKIN VUTHY | ||
| 942 | _cAGR | ||
| 999 |
_c9143 _d9143 |
||